000 00603cab a22001815a 4500
001 L151991
008 110118e20110114xxk 000 0 eng d
035 _a(Sirsi) u151991
041 0 _aeng
110 2 _aCyril Sweett
_95158
245 0 0 _aSustainability
_bzeroing in
490 _aBuilding
_v275(8661) 14 January 2011, 50-54(5)
520 _aConsiders the Zero Carbon Hub's Carbon Compliance Task Group recommendations. Includes an update on the definition of a zero carbon home.
590 _aKA
651 4 _aUnited Kingdom
_y
690 _aBUILT ENVIRONMENT-SUSTAINABLE CONSTRUCTION
942 _n0
999 _c82877
_d82877